Nhớ lại và suy nghĩ

Guardado en:
Detalles Bibliográficos
Autor principal: G K ZUCOV
Formato: Libro
Lenguaje:Undetermined
Publicado: Hà Nội QĐND 2001
Materias:
Etiquetas: Agregar Etiqueta
Sin Etiquetas, Sea el primero en etiquetar este registro!
Thư viện lưu trữ: Trung tâm Học liệu Trường Đại học Cần Thơ
LEADER 00518nam a2200169Ia 4500
001 CTU_46566
008 210402s9999 xx 000 0 und d
082 |a 891.73 
082 |b Z64/T1 
100 |a G K ZUCOV 
245 0 |a Nhớ lại và suy nghĩ 
245 0 |c G K ZUCOV; Dịch giả: Lê Tùng Ba, Hồng Lam 
260 |a Hà Nội 
260 |b QĐND 
260 |c 2001 
650 |a historical fiction, russian - 20th century ( vietnamese ) 
980 |a Trung tâm Học liệu Trường Đại học Cần Thơ